Aktivity SKSI Slovakia plus

Podrobná bibliografia
Médium: Článok
Jazyk:slovenčina
ISBN:8088750032
Predmet:

MARC

LEADER 00000nab a2200000 a 4500
001 vtls000584412
003 SK-MaSNL
005 20260303011352.0
008 160202c xo 0 slo
015 |a SNBRA19rr/mm-uuuuu 
035 |a CL0584551 
040 |a SNKBUCL  |b slo  |c SNKBUCL  |e AACR2 
041 0 |a slo 
044 |a xo  |c SK 
080 |a 301.15-058.237:061.25(437.6)  |2 1981 
245 0 0 |a Aktivity SKSI Slovakia plus 
650 0 7 |a Stála konferencia slovenskej inteligencie Slovakia plus  |2 snkbucl  |9 919712 
655 7 |a články zo zborníkov  |2 snkbucl  |9 166140 
773 0 |t Slovakia plus  |d Bratislava  |g S. 158-161  |z 8088750032 
850 |a Slovenská národná knižnica v Martine  |a MTA001 
852 |a SNK  |b KIS3GCP 
958 |a RK 
958 |a SK 
992 |a RZB 
999 |c 1591764  |d 1593694